|
|
|
|
| LEADER |
01922nam a2200325 a 4500 |
| 001 |
3557245 |
| 008 |
091101s1997 bg a b 001 0 eng d |
| 999 |
|
|
|c 4992
|d 4992
|
| 010 |
|
|
|a \\\97906396
|
| 020 |
|
|
|a 9840513931
|
| 040 |
|
|
|a DLC
|c DLC
|
| 082 |
0 |
0 |
|a 307.1/412/095492
|2 21
|
| 100 |
1 |
|
|a Amin, R.
|q (Ruhul),
|d 1938-
|9 38156
|
| 245 |
1 |
0 |
|a Development strategies and socio-demographic impact of non-governmental organizations :
|b evidence from rural Bangladesh /
|c Ruhul Amin.
|
| 260 |
|
|
|a Dhaka :
|b University Press,
|c 1997.
|
| 300 |
|
|
|a xi, 137 pages :
|b illustrations ;
|c 22 cm.
|
| 504 |
|
|
|a Includes bibliographical references (p. [127]-131) and index.
|
| 526 |
|
|
|a Complimentary copy from BIED
|
| 541 |
1 |
|
|e 6230, 35765
|
| 650 |
|
0 |
|a Rural development
|z Bangladesh.
|9 38157
|
| 650 |
|
0 |
|a Birth control
|z Bangladesh.
|9 38158
|
| 650 |
|
0 |
|a Non-governmental organizations
|z Bangladesh.
|9 38159
|
| 651 |
|
0 |
|a Bangladesh
|x Social policy.
|9 38160
|
| 852 |
4 |
|
|a Ayesha Abed Library
|j General shelf
|
| 942 |
|
|
|2 ddc
|c BK
|
| 952 |
|
|
|0 0
|1 0
|2 ddc
|4 0
|6 307_141209549200000_AMI_1997
|7 0
|9 4815
|a BRACUL
|b BRACUL
|c GEN
|d 2009-11-02
|g 250.00
|l 0
|o 307.1412095492 AMI
|p 3010006230
|r 2009-11-02
|t 1
|v 500.00
|w 2009-11-02
|y BK
|
| 952 |
|
|
|0 0
|1 0
|2 ddc
|4 0
|6 307_100000000000000_412_095492_AMI
|7 0
|9 24118
|a SCL
|b SCL
|c GEN
|d 1999-01-03
|g 250.00
|l 0
|o 307.1412095492 AMI
|p 3020001241
|r 2014-04-08
|t 2
|w 2014-04-08
|y BK
|
| 952 |
|
|
|0 0
|1 0
|2 ddc
|4 0
|6 307_141209549200000_AMI
|7 0
|9 53325
|a SCL
|b SCL
|c GEN
|d 2015-03-30
|g 250.00
|l 0
|o 307.1412095492 AMI
|p 3020004477
|r 2015-03-30
|t 3
|w 2015-03-30
|y BK
|
| 952 |
|
|
|0 0
|1 0
|2 ddc
|4 0
|6 307_141209549200000_AMI
|7 0
|9 53986
|a SCL
|b SCL
|c GEN
|d 2015-06-01
|g 250.00
|l 0
|o 307.1412095492 AMI
|p 3020000455
|r 2015-06-01
|t 4
|w 2015-06-01
|y BK
|
| 952 |
|
|
|0 0
|1 0
|2 ddc
|4 0
|6 307_141209549200000_AMI
|7 0
|9 67405
|a BRACUL
|b BRACUL
|c GEN
|d 2019-12-10
|e Complimentary copy from BIED
|l 0
|o 307.1412095492 AMI
|p 3010035765
|r 2019-12-10
|t 5
|w 2019-12-10
|y BK
|x Transferred from BIED to General Stacks
|